A vállalkozás vagyoni-, pénzügyi és jövedelmi helyzetének értékelése az eredmény alakulását befolyásoló tényezők vizsgálata több év beszámolói alapján

Bibliographic Details
Main Author: Csernák Veronika
Other Authors: Siklósi Dr. Ágnes
Kazinczi Norbert
Format: Thesis
Kulcsszavak:Vagyoni helyzet
Eredmény alakulása
Jövedelmi helyzet
Online Access:http://dolgozattar.uni-bge.hu/19682

MARC

LEADER 00000nta a2200000 i 4500
001 dolg19682
005 20181215111221.0
008 181215suuuu hu om 000 hun d
040 |a BGE Dolgozattár Repozitórium  |b hun 
041 |a hu 
100 1 |a Csernák Veronika 
245 1 2 |a A vállalkozás vagyoni-, pénzügyi és jövedelmi helyzetének értékelése az eredmény alakulását befolyásoló tényezők vizsgálata több év beszámolói alapján  |c Csernák Veronika  |h [elektronikus dokumentum] 
695 |a Vagyoni helyzet 
695 |a Eredmény alakulása 
695 |a Jövedelmi helyzet 
700 1 |a Siklósi Dr. Ágnes  |e ths 
700 1 |a Kazinczi Norbert  |e ths 
856 4 0 |u http://dolgozattar.uni-bge.hu/19682/1/szakdolgozat%20Csern%C3%A1k%20Veronika.pdf  |z Dokumentum-elérés 
856 4 0 |u http://dolgozattar.uni-bge.hu/19682/2/Titkos%C3%ADt%C3%A1s.pdf  |z Dokumentum-elérés